|
|
|
|
| LEADER |
00000nam a2200000 a 4500 |
| 001 |
vtls001399064 |
| 003 |
SK-MaSNL |
| 005 |
20260301044703.0 |
| 008 |
251113s1999 DE r 0 ger |
| 020 |
|
|
|c [439,00]
|
| 035 |
|
|
|a SNK000353518
|
| 040 |
|
|
|a SNK
|b slo
|c SNK
|e AACR2
|
| 044 |
|
|
|a DE
|
| 080 |
|
|
|a 929 Bauas-Laurent, Henri=30
|2 1981
|
| 100 |
1 |
|
|a Bouas-Laurent, Henri
|4 aut
|9 351524
|
| 245 |
1 |
0 |
|a Ehrenpromotion
|b Ehrendoktor der Naturwissenschaften. 5. Mai 1999
|c von Henri Bouas-Laurent
|
| 260 |
|
|
|a [Saarbrücken
|b Universität des Saarlandes
|c 1999]
|
| 300 |
|
|
|a 36 s.
|c 21 cm
|
| 490 |
1 |
|
|a Universitätsreden
|v 44
|
| 600 |
2 |
|
|a Bouas-Laurent, Henri,
|d 1933-
|2 SNK
|9 65658
|
| 830 |
|
0 |
|a Universitätsreden
|9 351525
|
| 999 |
|
|
|c 596556
|d 598486
|
| 952 |
|
|
|t P60, <04>, [BOOK], {604}
|a SNK
|b SNK
|y VYP
|7 0
|p 17A0256608
|o snkIC 129001
|i snkV 1920/2000
|0 0
|1 0
|4 0
|d 2000-11-22
|l 0
|r 2005-01-02 00:00:00
|w 2026-02-23
|